| 000 | 01170cam a22003135a 4500 | ||
|---|---|---|---|
| 001 | 015654101 | ||
| 003 | OSt | ||
| 005 | 20160721115236.0 | ||
| 008 | 100914t2012 maua frb 001 0 eng d | ||
| 020 | _a9780495802709 (pbk.) | ||
| 020 | _a0495802700 (pbk.) | ||
| 040 |
_aStDuBDS _beng _cStDuBDS _dUk _dEG-ScBUE |
||
| 082 | 0 | 4 |
_a306.20973 _222 _bDYE |
| 100 | 1 |
_aDye, Thomas R. _940376 |
|
| 245 | 1 | 4 |
_aThe irony of democracy : _ban uncommon introduction to American politics / _cThomas R. Dye, Harmon Zeigler, Louis Schubert. |
| 250 | _a15th ed. | ||
| 260 |
_aBoston : _bWadsworth / Cengage Learning, _cc.2012. |
||
| 300 |
_axxiii, 401 p. : _bill. ; _c23 cm. |
||
| 500 | _aPrevious ed.: published as by Thomas R. Dye, Harmon Zeigler. 2009. | ||
| 500 | _aIndex : p. 395-401. | ||
| 504 | _aIncludes bibliographical references. | ||
| 650 | 7 |
_aElite (Social sciences) _zUnited States. _2BUEsh _940377 |
|
| 650 | 7 |
_aCultural pluralism _zUnited States. _2BUEsh _940378 |
|
| 651 | 7 |
_aUnited States _xPolitics and government. _2BUEsh _940379 |
|
| 653 |
_bLLAAWW _cJuly2016 |
||
| 700 | 1 |
_aZeigler, L. Harmon _q(Luther Harmon), _d1936- |
|
| 700 | 1 | _aSchubert, Louis. | |
| 942 | _2ddc | ||
| 999 |
_c21996 _d21968 |
||